000 00744 a2200181 4500
999 _c7832
_d7832
020 _a8120318897
050 0 0 _aHF 5548.4 STI 2001
100 1 _aStinson, Craig,
_d1943-
_eauthor
245 1 0 _aMicrosoft Excel version 2002 inside out /
_cCraig Stinson, Mark Dodge.
264 _aNew Delhi :
_bPrentice Hall
_c2001
300 _axxxi, 1055 p. :
_bill. ;
500 _aIncludes index.
650 0 _aBusiness
_xComputer programs.
650 0 _aElectronic spreadsheets.
700 1 _aDodge, Mark.
_eauthor
942 _2lcc
_cBK
_h5548.4
_iSTI
_kHF